000 01099nam a2200253Ia 4500
003 OSt
005 20220923224033.0
006 a|||||r|||| 00| 0
007 ta
008 220922b |||||||| |||| 00| 0 hin d
024 _a224,346
037 _cTextual
040 _aARTS
_cARTS
_bhin
041 _2hin
_ahin
082 _aX:3M24xM18, 152P4
100 _aमार्क्स, कार्ल; नरेश, 'नदीम', अनु.
_9167754
245 0 _aदर्शन की निर्धनता
_b श्री प्रूदों की रख्ना 'निर्धनताका दर्शन' का उत्तर
246 _aDarshan kī nirdhanatā: shrī prūdoan kī rakhnā 'nirdhanatākā darshana' kā uttara
260 _aनयी दिल्ली
_b प्रकाशन संस्थान
_c2004
300 _a216पृ.
_ccm.
490 _aलोकचेतना - 6
942 _hX:3M24xM18, 152P4
_cTEXL
_2CC
999 _c368788
_d368788